| 000 | 00984nam a2200289Ia 4500 | ||
|---|---|---|---|
| 008 | 130821s1981 sp gr spa | ||
| 020 | _a8402084036 | ||
| 040 |
_aCo-BoUCM _bspa |
||
| 041 | 0 | 0 | _aspa |
| 100 | 1 |
_aPetronio Arbitro, Cayo, 10?-66 D. J. C _9158307 |
|
| 245 | 1 | 3 |
_aEl satiricón _cCayo Petronio Arbitro ; traductor, prólogo y notas, Francisco de P. Samaranch. |
| 250 | _a1a. ed | ||
| 260 |
_aBarcelona (España) _bBruguera _c1981 |
||
| 300 | _a224 páginas | ||
| 490 | 0 |
_aLibro Amigo _v1502 |
|
| 504 | _aIncluye índice | ||
| 650 | 0 | 4 |
_aLiteratura erótica _918650 |
| 650 | 0 | 4 |
_aNovela latina _920543 |
| 650 | 0 | 4 |
_aNovela _97878 |
| 650 | 0 | 4 |
_aSátira latina _924027 |
| 650 | 0 | 4 |
_aVida social y costumbres _98225 |
| 651 |
_aRoma (Italia) _927287 |
||
| 651 |
_aRoma (Italia) _xVida social y costumbres _vNovela _9158308 |
||
| 700 |
_aSamaranch, Francisco de P. _eTr _9145579 |
||
| 942 |
_cLIBRO _2DEWEY _a18 _e1 _h877.5 _mP497S |
||
| 999 |
_c32421 _d32421 |
||